Civil society: the conservative meaning of liberal politics (Record no. 399278)

000 -LEADER
fixed length control field 00510cam a22001697a 4500
008 - FIXED-LENGTH DATA ELEMENTS--GENERAL INFORMATION
fixed length control field 180718b2002 xxu||||| |||| 00| 0 eng d
020 ## - INTERNATIONAL STANDARD BOOK NUMBER
International Standard Book Number 0631232052
082 ## - DEWEY DECIMAL CLASSIFICATION NUMBER
Classification number B231 C119
100 ## - MAIN ENTRY--PERSONAL NAME
Personal name Cahoone, Lawrence E.
245 ## - TITLE STATEMENT
Title Civil society: the conservative meaning of liberal politics
Statement of responsibility, etc. by Lawrence E. Cahoone
260 ## - PUBLICATION, DISTRIBUTION, ETC.
Place of publication, distribution, etc. Oxford
Name of publisher, distributor, etc. Blackwell
Date of publication, distribution, etc. 2002
300 ## - PHYSICAL DESCRIPTION
Extent 316p.
500 ## - GENERAL NOTE
General note Includes bibliographical references and index.
650 ## - SUBJECT ADDED ENTRY--TOPICAL TERM
Topical term or geographic name entry element Conservatism
650 ## - SUBJECT ADDED ENTRY--TOPICAL TERM
Topical term or geographic name entry element Liberalism
650 ## - SUBJECT ADDED ENTRY--TOPICAL TERM
Topical term or geographic name entry element Civil society
Holdings
Withdrawn status Lost status Damaged status Not for loan Permanent Location Current Location Date acquired Full call number Barcode Date last seen Price effective from Koha item type
        Indian Institute of Public Administration Indian Institute of Public Administration 2002-03-21 B231 C119 77464 2018-07-21 2018-07-21 Book

Powered by Koha